000
00328nam a2200133Ia 4500
005
20251222144900.0
008
251222s9999||||xx |||||||||||||| ||spa||
020
_a
0-521-49716-7
082
_a
428.4/N93
100
_a
Nunan, David
245
4
_a
The Self-Directed Teacher:
264
_b
Cambridge University Press
942
_c
LIB
999
_c
21952
_d
21952